Learning language arts through literature : (Record no. 6184)

MARC details
000 -LEADER
fixed length control field 00982nam a22002297a 4500
001 - CONTROL NUMBER
control field 6184
003 - CONTROL NUMBER IDENTIFIER
control field FISKH
005 - DATE AND TIME OF LATEST TRANSACTION
control field 20250324170430.0
008 - FIXED-LENGTH DATA ELEMENTS--GENERAL INFORMATION
fixed length control field 250324b cb ||||| |||| 00| 0 eng d
020 ## - INTERNATIONAL STANDARD BOOK NUMBER
International Standard Book Number 9781880892862
040 ## - CATALOGING SOURCE
Original cataloging agency FISKH
Language of cataloging eng
Transcribing agency FISKH
Modifying agency FISKH
050 ## - LIBRARY OF CONGRESS CALL NUMBER
Classification number 371.042
082 ## - DEWEY DECIMAL CLASSIFICATION NUMBER
Classification number LB1575.587
100 ## - MAIN ENTRY--PERSONAL NAME
Personal name Strayer, Debbie
245 ## - TITLE STATEMENT
Title Learning language arts through literature :
Remainder of title The tan teacher book /
Statement of responsibility, etc. By Debbie Strayer and Susan Simpson
260 ## - PUBLICATION, DISTRIBUTION, ETC.
Place of publication, distribution, etc. Melrose :
Name of publisher, distributor, etc. Common Sense Press, Inc . ;
Date of publication, distribution, etc. 1998.
300 ## - PHYSICAL DESCRIPTION
Extent 307 pages :
Other physical details illustrations ;
Dimensions 28 cm .
520 ## - SUMMARY, ETC.
Summary, etc. This developmental, integrated language arts program based on Ruth Beechick s philosophies was designed especially for homeschoolers. Through reading and literature, students learn and master skills in language, grammar, vocabulary, spelling, writing mechanics, creative writing, critical thinking, and more."
700 ## - ADDED ENTRY--PERSONAL NAME
Personal name Simpson, Susan
Relator term Author
942 ## - ADDED ENTRY ELEMENTS (KOHA)
Source of classification or shelving scheme Dewey Decimal Classification
Koha item type Books
Suppress in OPAC No
Holdings
Withdrawn status Lost status Source of classification or shelving scheme Damaged status Not for loan Collection Home library Current library Shelving location Date acquired Total Checkouts Full call number Barcode Date last seen Price effective from Koha item type
    Dewey Decimal Classification     Non-Fiction Footprints International School Library Network Toul Tom Poung Campus Footprints International School Library Network Toul Tom Poung Campus TTP Secondary Non-Fiction Bookshelves 03/24/2025   STR 371.042 LB1575.587 FISSE03094 03/24/2025 03/24/2025 Books